00958nam a2200181 a 4500008004100000050001300041100001800054245027700072260006900349300001600418350000900434650001000443650004400453710005400497995009200551999001700643952011600660100906s1982 ||||||||||||||||| || u aCOMM(02) aChan, Stephen10aPlanning and implementation of policies and programmes for Youth: report of the short training course, held in conjuction with the Ministry of Youth and Sport, Zambia, at the Commonwealth Youth programme Africa centre, Lusaka, 7- 18 september 1981.cedited by Stephen Chan aLusaka:bCommonwealth Youth Programme Africa Centre Lusakac1982 a161p.: ill. a0.00 aYOUTH aYOUTH--SERVICES FOR--ZAMBIA--CONGRESSES aCommonwealth Youth Programme Africa Centre Lusaka D0.00FCBU-MAIN LIBRARY (Kitwe)H1I0.00M1UAVAILABLEWSep 6, 2010ZZambiana Collection c53689d53689 00102lcc4070a001b001cZambiana Collectiond2022-11-30l0oCOMM(02)pZ03007073r2022-11-30w2022-11-30y002